Paroles (Difficile) "Bohemian Rhapsody" de Queen - Statistiques

Statistiques générales
  • Ce quiz a été pris 6 484 fois
  • Le résultat moyen est 263 sur 369
Statistiques - réponses
Réponse % Correct
a
98%
I
98%
just
96%
Just
96%
Mama
96%
the
93%
No
92%
no
92%
life
91%
Life
91%
man
91%
me
91%
Me
91%
to
91%
go
90%
real
90%
you
90%
Is
89%
this
89%
This
89%
killed
88%
I'm
87%
do
86%
and
85%
boy
85%
his
85%
poor
85%
again
84%
dead
84%
gun
84%
now
84%
from
83%
head
83%
Put
83%
put
83%
fantasy
82%
my
82%
My
82%
see
82%
he's
81%
He's
81%
begun
80%
against
79%
come
79%
reality
79%
trigger
79%
easy
78%
Easy
78%
matter
78%
eye
77%
Little
77%
little
77%
not
77%
really
77%
all
76%
your
76%
has
75%
on
75%
sky
75%
escape
74%
in
74%
it
74%
Open
74%
die
73%
don't
73%
eyes
73%
Look
73%
let
72%
Let
72%
need
72%
So
72%
up
72%
But
71%
time
71%
had
70%
Pulled
70%
Carry
69%
carry
69%
Because
68%
low
68%
high
67%
sympathy
67%
wanna
67%
I've
65%
nothing
65%
Nothing
65%
Will
65%
will
65%
at
64%
never
64%
Never
64%
Oh
64%
oh
64%
wind
64%
cry
63%
family
63%
got
63%
love
63%
tomorrow
63%
make
62%
matters
62%
born
61%
If
61%
if
61%
wish
61%
back
60%
blows
60%
Galileo
60%
away
59%
mean
59%
sometimes
59%
doesn't
58%
nobody
58%
Bismillah
57%
Didn't
56%
we
56%
We
56%
been
55%
leave
55%
loves
55%
of
55%
As
54%
Scaramouche
53%
him
52%
Too
52%
for
51%
can
50%
Figaro
50%
late
50%
truth
50%
anyway
49%
Anyway
49%
everybody
49%
Goodbye
49%
Mamma Mia
49%
Magnifico
48%
face
47%
very
47%
caught
45%
Gotta
45%
gotta
45%
behind
44%
I'd
44%
Baby
43%
gone
42%
landslide
42%
down
41%
spine
41%
think
41%
get
37%
out
37%
shivers
37%
thrown
37%
Fandango
36%
Ooh
36%
aching
35%
Body's
35%
frightening
35%
monstrosity
35%
Send
35%
can't
33%
spare
33%
devil
32%
lightning
32%
silhouetto
31%
here
30%
Anyone
29%
Thunderbolt
29%
right
28%
aside
25%
spit
24%
outta
19%
Beelzebub
16%
Yeah
12%
Ah
9%
stone
9%
Aucun quiz correspondant
Distribution des résultats
% des personnes avec chaque résultat
Percentile par nombre de réponses
Votre historique - résultats
Vous n’avez pas pris ce quiz